000 00286nam a22001337a 4500
008 170715b xxu||||| |||| 00| 0 eng d
020 _a0135822890
041 _aeng
080 _a572
100 _a24
101 _aANT
245 _aTHE MIDDLE EAST
_cEICKELMAN, D.F
942 _2udc
_cBK
999 _c21157
_d21157